Normal view
MARC view
Entry Topical Term
001 - CONTROL NUMBER
- control field: 852756
003 - CONTROL NUMBER IDENTIFIER
- control field: OSt
005 - DATE AND TIME OF LATEST TRANSACTION
- control field: 20251121101835.0
008 - FIXED-LENGTH DATA ELEMENTS
- fixed length control field: 251121|| aca||aabn | a|a d
040 ## - CATALOGING SOURCE
- Original cataloging agency: OSt
- Transcribing agency: OSt
150 ## - HEADING--TOPICAL TERM
- Topical term or geographic name entry element: Sociology
670 ## - SOURCE DATA FOUND
- Source citation: Work cat.: (OSt)505503: Singh, J. N. 105021, Racing human race: demands decisions, directions andDestinations an over-all balance , 1997
